00511nam a22001697a 450000500170000001000150001702000260003203500140005803700130007208200100008510000150009524500960011026000500020627000380025630000250029470000220031920170811094411.0 aENG-119626 a9788122507638c240.00 aEN-103158 bDBAD/PUB a658.4 aShafi,S.M. aRepostory of questions on commerce and management /c by S.M. Shafi [and] Javid Ahmad Darzi aDelhibAsia Pacific Business Press Inc.c2015 a106-E, Kamla NagarbDelhie110007 aiii,266p.c26cm(Pbk) aJavid Ahmad Darzi